• 首页
  • 本馆介绍
  • 公告通知
  • 最新文献
  • 馆藏检索
  • 电子资源
  • 读者荐购
  • 参考咨询
  • CALIS
  • 我的图书馆
  • 登录
  • 详细信息显示
  • 放入我的书架
  • 预约/预借图书
  • 作者相关作品
  • 分类相关作品
  • 丛书相关作品
  • 出版社相关作品

书目信息

  • 表格格式
  • 工作单格式
  • 卡片格式
题名:
新编常用法律小全书
    
 
作者: ;法律出版社 , 法律出版社法规中心 编
分册: 2006   13
出版信息: 北京   法律出版社  2006
页数: 1083页
开本: 21cm
丛书名: 新编法律小全书系列
单 册:
中图分类: D920.9
科图分类:
主题词: 法律--Fa Lv--中国--汇编
电子资源:
ISBN: 7-5036-6063-5
 
 
 
 
 
000 01072nam 2200289 450
001 CAL 012006036822
005 20061123150219.50
010    @a7-5036-6063-5@dCNY 48.00
010    @a7-900160-48-5@b光盘
099    @aCAL 012006036822
100    @a20060328d2006 ekmy0chiy0121 ea
101 0  @achi
102    @aCN@b110000
200 1  @a新编常用法律小全书@AXin Bian Chang Yong Fa Lv Xiao Quan Shu@d= Laws and regulations@e2006@f法律出版社法规中心编@Ffa lu chu ban she fa gui zhong xin bian@h2006@i13@zeng
210    @a北京@c法律出版社@d2006
215    @a1083页@c图@d21cm@e光盘1片
225 2  @a新编法律小全书系列@Axin bian fa lv xiao quan shu xi lie@v13
314    @a法律出版社法规分社编
410  0 @12001 @a新编法律小全书系列@v13
510 1  @aLaws and regulations@zeng
517 1  @a13
606 0  @a法律@AFa Lv@y中国@j汇编
690    @aD920.9@v4
711 02 @a法律出版社@AFa Lv Chu Ban She@b法规分社@BFa Gui Fen She@4编
711  0 @a法律出版社法规中心@Afa lu chu ban she fa gui zhong xin@4编
801    @aCN@c20061123
905    @apdsgxy@dD920.9@eF0251:2006:13
    
    新编常用法律小全书= Laws and regulations:2006/法律出版社法规中心编.2006.13.-北京:法律出版社,2006
    1083页:图;21cm+光盘1片.-(新编法律小全书系列;13)
    
    
    ISBN 7-5036-6063-5:CNY 48.00
    
●
相关链接 在E读中查询图书 在当当中查询图书 在豆瓣中查询图书


正题名:新编常用法律小全书     索取号:D920.9/F0251:2006:13         预约/预借

序号 登录号 条形码 馆藏地/架位号 状态 备注
1 614222   206142226   社科库509/509社科库 84排1列4层/ [索取号:D920.9/F0251:2006:13] 在馆    
2 614223   206142235   社科库509/509社科库 84排1列4层/ [索取号:D920.9/F0251:2006:13] 在馆    
河南城建学院图书馆 欢迎您!
大连网信软件有限公司© 版权所有